<?xml version="1.0" encoding="UTF-8"?>
<record
    xmlns:xsi="http://www.w3.org/2001/XMLSchema-instance"
    xsi:schemaLocation="http://www.loc.gov/MARC21/slim http://www.loc.gov/standards/marcxml/schema/MARC21slim.xsd"
    xmlns="http://www.loc.gov/MARC21/slim">

  <leader>00555nam a22001697a 4500</leader>
  <datafield tag="952" ind1=" " ind2=" ">
    <subfield code="0">0</subfield>
    <subfield code="1">0</subfield>
    <subfield code="2">ddc</subfield>
    <subfield code="4">0</subfield>
    <subfield code="7">0</subfield>
    <subfield code="8">NFIC</subfield>
    <subfield code="a">ASL</subfield>
    <subfield code="b">ASL</subfield>
    <subfield code="c">GEN</subfield>
    <subfield code="d">2021-10-08</subfield>
    <subfield code="e">ASB Library Collection</subfield>
    <subfield code="h">U-0213</subfield>
    <subfield code="l">0</subfield>
    <subfield code="o">297.23 AZQ</subfield>
    <subfield code="p">112434</subfield>
    <subfield code="r">2021-10-08 00:00:00</subfield>
    <subfield code="t">C-1</subfield>
    <subfield code="w">2021-10-08</subfield>
    <subfield code="y">BK</subfield>
  </datafield>
  <datafield tag="999" ind1=" " ind2=" ">
    <subfield code="c">26416</subfield>
    <subfield code="d">26416</subfield>
  </datafield>
  <controlfield tag="003">BDDh-ASL</controlfield>
  <controlfield tag="005">20231015030636.0</controlfield>
  <controlfield tag="008">211008s1956    p  ||||| |||| 00| 0 u   d</controlfield>
  <datafield tag="040" ind1=" " ind2=" ">
    <subfield code="a">BDDh-ASL</subfield>
    <subfield code="c">BDDh-ASL</subfield>
  </datafield>
  <datafield tag="082" ind1=" " ind2=" ">
    <subfield code="a">297.23</subfield>
    <subfield code="b">AZQ</subfield>
  </datafield>
  <datafield tag="100" ind1="1" ind2=" ">
    <subfield code="9">4884</subfield>
    <subfield code="a">Azmi, Nur Mohammad</subfield>
  </datafield>
  <datafield tag="245" ind1="1" ind2="0">
    <subfield code="a">Qurune Ula Mein Islami Hukumat Ke Chand Namune : / &#x642;&#x631;&#x648;&#x646; &#x627;&#x648;&#x644;&#x6CC; &#x645;&#x64A;&#x6BA; &#x627;&#x633;&#x644;&#x627;&#x645;&#x6CC; &#x62D;&#x6A9;&#x648;&#x645;&#x62A; &#x6A9;&#x6D2; &#x62C;&#x646;&#x62F; &#x646;&#x645;&#x648;&#x646;&#x6D2; </subfield>
  </datafield>
  <datafield tag="260" ind1=" " ind2=" ">
    <subfield code="a">Karachi : </subfield>
    <subfield code="b">A.Sharif , </subfield>
    <subfield code="c">1956. </subfield>
  </datafield>
  <datafield tag="300" ind1=" " ind2=" ">
    <subfield code="a">64 p. : </subfield>
    <subfield code="c">18 cm. </subfield>
  </datafield>
  <datafield tag="650" ind1=" " ind2="0">
    <subfield code="9">1652</subfield>
    <subfield code="a">Islam </subfield>
    <subfield code="x">Political Islam </subfield>
  </datafield>
  <datafield tag="942" ind1=" " ind2=" ">
    <subfield code="2">ddc</subfield>
    <subfield code="c">BK</subfield>
  </datafield>
</record>
